[Event "Washington op 1st"]
[Site "Rockville"]
[Date "2012.07.28"]
[Round "1"]
[White "Ryba, Nicholas A"]
[Black "Schuyler, James"]
[Result "0-1"]
[WhiteElo "2097"]
[BlackElo "2345"]
[PlyCount "94"]
[EventDate "2012.07.28"]
[EventType "swiss"]
[EventRounds "9"]
[EventCountry "USA"]
[SourceTitle "CBM 149 Extra"]
[Source "ChessBase"]
[SourceDate "2012.08.24"]
[SourceVersion "1"]
[SourceVersionDate "2012.08.24"]
[SourceQuality "1"]

1. e4 Nc6 2. Nf3 d6 3. d4 Nf6 4. Nc3 g6 5. Be2 Bg7 6. 0-0 0-0 7. h3 a6 8. a4 e5 9. Be3 exd4 10. Nxd4 Re8 11. Nxc6 bxc6 12. Bf3 Nd7 13. Qd2 Rb8 14. Rab1 Qf6 15. Be2 Qe5 16. Rfd1 Qa5 17. Bd4 Bxd4 18. Qxd4 Rb4 19. Qd2 Nc5 20. b3 Nxe4 21. Nxe4 Rexe4 22. Bf3 Re5 23. Bxc6 Bf5 24. Bf3 Qc5 25. c3 Rb8 26. b4 Qc4 27. Rb2 Rbe8 28. Qd4 Qe6 29. Kh2 Be4 30. Bxe4 Rxe4 31. Qd3 a5 32. Qd5 Qf6 33. Qxa5 Qxc3 34. Rbb1 c5 35. Qb5 cxb4 36. Rxd6 R8e5 37. Qb8+ Kg7 38. Rd8 Rf5 39. Rg8+ Kh6 40. Qf8+ Kg5 41. Qd8+ f6 42. Re8 Rd4 43. Qe7 Rxf2 44. Re1 Rd3 45. Qxh7 Rdd2 46. Rg1 Qc6 47. h4+ Kf5 0-1

[Event "USA-chT Amateur East"]
[Site "Parsippany"]
[Date "2010.02.14"]
[Round "4"]
[White "Ryba, Nicholas A"]
[Black "Mac Intyre, Paul"]
[Result "1/2-1/2"]
[WhiteElo "2077"]
[BlackElo "2292"]
[PlyCount "46"]
[EventDate "2010.02.13"]
[EventType "team-tourn"]
[EventRounds "6"]
[EventCountry "USA"]
[SourceTitle "CBM 135 Extra"]
[Source "ChessBase"]
[SourceDate "2010.05.04"]
[SourceVersion "1"]
[SourceVersionDate "2010.05.04"]
[SourceQuality "1"]

1. c4 Nf6 2. Nc3 g6 3. d4 Bg7 4. g3 0-0 5. Nf3 d6 6. Bg2 c5 7. dxc5 dxc5 8. 0-0 Nc6 9. Bf4 Nh5 10. Be3 Nd4 11. Nd2 Rb8 12. Nb3 b6 13. Bxd4 cxd4 14. Nb5 Bb7 15. N5xd4 Bxg2 16. Kxg2 Rc8 17. Rc1 Rxc4 18. Nc6 Qxd1 19. Nxe7+ Kh8 20. Rfxd1 Ra4 21. Rc8 Rxc8 22. Nxc8 Bxb2 23. Rd7 Nf6 1/2-1/2

[Event "New York Marshall CC-ch 92nd"]
[Site "New York"]
[Date "2008.10.18"]
[Round "2"]
[White "Ryba, Nicholas A"]
[Black "Chernin, Oliver"]
[Result "1-0"]
[WhiteElo "2014"]
[BlackElo "2150"]
[PlyCount "57"]
[EventDate "2008.10.17"]
[EventType "swiss"]
[EventRounds "9"]
[EventCountry "USA"]
[SourceTitle "EXT 2010"]
[Source "ChessBase"]
[SourceDate "2010.11.25"]
[SourceVersion "1"]
[SourceVersionDate "2010.11.25"]
[SourceQuality "1"]

1. e4 c5 2. Nf3 d6 3. d4 cxd4 4. Nxd4 Nf6 5. Nc3 g6 6. f4 Bg7 7. e5 Nh5 8. Bb5+ Bd7 9. e6 fxe6 10. Nxe6 Bxc3+ 11. bxc3 Qc8 12. Bxd7+ Kxd7 13. Ng5 Qxc3+ 14. Bd2 Qc4 15. Rb1 Kc7 16. Rb4 Qd5 17. 0-0 Nc6 18. c4 Qg8 19. Qe2 Re8 20. Ne6+ Kb8 21. Rxb7+ Kxb7 22. Rb1+ Kc8 23. Qe4 Nd8 24. Nxd8 d5 25. cxd5 e5 26. Ne6 Rxe6 27. Qc4+ Kd7 28. Rb7+ Ke8 29. Rb8+ 1-0

[Event "New York Marshall CC-ch 92nd"]
[Site "New York"]
[Date "2008.10.17"]
[Round "1"]
[White "Szuper, Paul"]
[Black "Ryba, Nicholas A"]
[Result "1-0"]
[WhiteElo "2168"]
[BlackElo "2014"]
[PlyCount "83"]
[EventDate "2008.10.17"]
[EventType "swiss"]
[EventRounds "9"]
[EventCountry "USA"]
[SourceTitle "EXT 2010"]
[Source "ChessBase"]
[SourceDate "2010.11.25"]
[SourceVersion "1"]
[SourceVersionDate "2010.11.25"]
[SourceQuality "1"]

1. d4 Nf6 2. Nf3 c5 3. d5 d6 4. Nc3 g6 5. e4 Bg7 6. Bb5+ Bd7 7. a4 a6 8. Be2 0-0 9. Nd2 e6 10. 0-0 exd5 11. exd5 h5 12. Nc4 Bf5 13. Bf4 Ne8 14. Bd3 Bxc3 15. bxc3 Bxd3 16. Qxd3 Qf6 17. Bh6 Ng7 18. f4 Nd7 19. Bg5 Qf5 20. Nxd6 Qxd3 21. cxd3 Nf5 22. Nxf5 gxf5 23. a5 f6 24. Bh4 Kf7 25. Rab1 Rab8 26. Rfe1 b6 27. axb6 Nxb6 28. c4 Nd7 29. Ra1 Rb6 30. Bf2 Re8 31. Rxe8 Kxe8 32. g3 Ke7 33. Kg2 Kd8 34. Ra5 Rb3 35. d4 cxd4 36. Bxd4 Rd3 37. Bf2 Rc3 38. c5 Rc2 39. Rxa6 Rd2 40. Ra8+ Ke7 41. d6+ Ke6 42. c6 1-0

[Event "Queens-ch"]
[Site "Jamaica"]
[Date "2006.11.10"]
[Round "6"]
[White "Murphy, Thomas D"]
[Black "Ryba, Nicholas A"]
[Result "1-0"]
[WhiteElo "1700"]
[BlackElo "1698"]
[PlyCount "77"]
[EventDate "2006.02.26"]
[EventType "swiss"]
[EventRounds "7"]
[EventCountry "USA"]
[SourceTitle "EXT 2008"]
[Source "ChessBase"]
[SourceDate "2007.11.25"]
[SourceVersion "1"]
[SourceVersionDate "2007.11.25"]
[SourceQuality "1"]

1. e4 c5 2. Nf3 d6 3. d4 cxd4 4. Nxd4 Nf6 5. Nc3 g6 6. Be2 Bg7 7. Be3 0-0 8. Qd2 Nc6 9. h4 Ne5 10. f3 Bd7 11. Bh6 Qb6 12. 0-0-0 Rac8 13. h5 Nc4 14. Bxc4 Rxc4 15. Bxg7 Kxg7 16. hxg6 fxg6 17. Qh6+ Kg8 18. Nd5 Rxd4 19. Nxb6 Rxd1+ 20. Kxd1 axb6 21. g4 Ra8 22. a3 Rc8 23. g5 Nh5 24. Kd2 Rf8 25. Ke3 Ba4 26. b3 Bd7 27. Rxh5 gxh5 28. Qxh5 Rc8 29. Kd2 Ra8 30. g6 hxg6 31. Qxg6+ Kf8 32. Qh6+ Kf7 33. a4 Rg8 34. c4 Rg6 35. Qe3 Bc6 36. Qxb6 Rg2+ 37. Kc3 Ke6 38. Qd4 Kd7 39. c5 1-0